The Farey series of order 1025 displaying solutions of the Diophantine equation bx - ay = I / (Record no. 51026)
[ view plain ]
| 000 -LEADER | |
|---|---|
| fixed length control field | 01094nam a2200277 a 4500 |
| 001 - CONTROL NUMBER | |
| control field | 51026 |
| 003 - CONTROL NUMBER IDENTIFIER | |
| rucl marc code | BD-RjUL |
| 005 - DATE AND TIME OF LATEST TRANSACTION | |
| control field | 20211209075611.0 |
| 008 - FIXED-LENGTH DATA ELEMENTS--GENERAL INFORMATION | |
| fixed length control field | 160828r19661950enk 000 0 eng c |
| 035 ## - SYSTEM CONTROL NUMBER | |
| System control number | (BD-RjUL)51146 |
| 040 ## - CATALOGING SOURCE | |
| Original cataloging agency | OUN |
| Transcribing agency | OUN |
| Modifying agency | EQO |
| -- | BD-RjUL |
| Language of cataloging | eng |
| 041 ## - LANGUAGE CODE | |
| Language code of text/sound track or separate title | eng |
| 082 ## - DEWEY DECIMAL CLASSIFICATION NUMBER | |
| Classification number | 510.822 |
| Author mark and year | NEF 1966 |
| 090 ## - LOCALLY ASSIGNED LC-TYPE CALL NUMBER (OCLC); LOCAL CALL NUMBER (OCLC) | |
| Classification number (OCLC) (R) ; Classification number, CALL (RLIN) (NR) | QA242 |
| Local cutter number (OCLC) ; Book number/undivided call number, CALL (RLIN) | .N49x |
| 100 1# - MAIN ENTRY--PERSONAL NAME | |
| Personal name | Neville, Eric Harold, |
| Dates associated with a name | 1889-1961. |
| 9 (RLIN) | 152667 |
| 245 14 - TITLE STATEMENT | |
| Title | The Farey series of order 1025 displaying solutions of the Diophantine equation bx - ay = I / |
| Statement of responsibility, etc. | designed and compiled by E. H. Neville. |
| 260 ## - PUBLICATION, DISTRIBUTION, ETC. (IMPRINT) | |
| Place of publication, distribution, etc. | Cambridge : |
| Name of publisher, distributor, etc. | Published for the Royal Society at the University Press, |
| Date of publication, distribution, etc. | 1950 [Reprinted 1966] |
| 300 ## - PHYSICAL DESCRIPTION | |
| Pagination | xxvii, 405 p. ; |
| Size | 29 cm. |
| 490 1# - SERIES STATEMENT | |
| Series statement | Royal Society mathematical tables ; |
| Volume/sequential designation | v. 1 |
| 500 ## - GENERAL NOTE | |
| General note | The Royal Society auxiliary mathematical tables. I. The numbers 1-1049 factorized completely are laid in. |
| 650 #0 - SUBJECT ADDED ENTRY--TOPICAL TERM | |
| Topical term or geographic name as entry element | Number theory. |
| 9 (RLIN) | 152668 |
| Topical term or geographic name as entry element | Diophantine analysis. |
| 9 (RLIN) | 152245 |
| Topical term or geographic name as entry element | Mathematics |
| Form subdivision | Tables. |
| 9 (RLIN) | 152669 |
| 830 #0 - SERIES ADDED ENTRY--UNIFORM TITLE | |
| Uniform title | Royal Society mathematical tables ; |
| Volume number/sequential designation | v. 1 |
| 942 ## - ADDED ENTRY ELEMENTS (KOHA) | |
| Source of classification or shelving scheme | Dewey Decimal Classification |
| Koha item type | Books |
| Lost status | Source of classification or shelving scheme | Damaged status | Not for loan | Collection code | Permanent Location | Current Location | Shelving location | Date acquired | Source of acquisition | Cost, normal purchase price | Total Checkouts | Full call number | Date last seen | Copy number | Koha item type |
|---|---|---|---|---|---|---|---|---|---|---|---|---|---|---|---|
| Dewey Decimal Classification | Non-fiction | Central Library, University of Rajshahi | Central Library, University of Rajshahi | 22/10/1969 | Zeithinger | 50.00 | 510.822 NEF 1966 | 29/08/2016 | C-2 | Books |